000 00866nam a2200265Ia 4500
003 OSt
005 20220927110304.0
006 a|||||r|||| 00| 0
007 ta
008 220926b |||||||| |||| 00| 0 eng d
020 _a8185419590
024 _a127964
037 _cReference Collections
040 _aRTL
_cRTL
_beng
041 _2eng
_aeng
082 _a"U:(G:55):(X:75).2.N9, N9"
100 _aSinha Subrato Ed.
_9376103
111 _aWorkshop on Regional Environmental Quality Management (1998 : New Delhi)
_9376104
245 0 _aRegional environmental management plan
260 _aNew
_bDelhi Tata Energy Research Institute India
_c1999
300 _a134p.
_ccm.
650 _aGeography- Environment
942 _h"U:(G:55):(X:75).2.N9, N9"
_cCC
999 _c695518
_d695518